Sims 3, Sims 4, Both, or Neither? - Statistics

General Stats
  • This quiz has been taken 252 times
  • The average score is 18 of 20
Answer Stats
Hint Answer % Correct
Which game is open world? Sims 3
100%
Which game has a university expansion pack? Both
96%
Which game has a “likes and dislikes” feature? Sims 4
94%
Which game has an expansion pack that allows your sims to ride horses? Sims 3
93%
Which game does Appaloosa Plains belong in? Sims 3
92%
Which game allows you to add sims to an existing household in CAS? Sims 4
92%
Which game allows your sims to move from world to world? Sims 4
92%
In which game is “motherlode” a valid money cheat? Both
91%
Which game has the traits Genius, Family Oriented, and Good? Both
91%
In which game can toddlers learn the music skill by playing the xylophone? Sims 3
91%
In which game does eating watermelons make a pregnant sim have a girl? Sims 3
91%
In which game do your sims’ children ride a physical school bus to school? Sims 3
91%
In which game are children born with 2 traits? Sims 3
91%
Which game contains burglar NPCs? Sims 3
91%
Which game has a function to lengthen sims’ eyelashes? Sims 3
91%
Which game does Eliza Pancakes belong in? Sims 4
91%
Which game originally did not come with the toddler life stage? Sims 4
91%
Which game has only pre-set color choices in CAS and Build Mode? Sims 4
91%
In which game do adopted sims have unique faces? Sims 4
91%
In which games can you add more than 8 sims to a household (without a mod)? Neither
88%
No matching quizzes found
Score Distribution
Percent of People with Each Score
Percentile by Number Answered
Your Score History
You have not taken this quiz